Т. 42, № 3; Водные ресурсы

Detaylı Bibliyografya
Parent link:Водные ресурсы: научный журнал/ Российская академия наук (РАН). Т. 42, № 3.— , 1973-
Dil:Rusça
Baskı/Yayın Bilgisi: 2015
Materyal Türü: MixedMaterials Kitap
KOHA link:https://koha.lib.tpu.ru/cgi-bin/koha/opac-detail.pl?biblionumber=547075

MARC

LEADER 00000nam2a2200000 4500
001 547075
005 20231101120029.0
035 |a (RuTPU)RU\TPU\prd\239250 
090 |a 547075 
100 |a 20150623a19729999k y0rusy50 ca 
101 0 |a rus 
102 |a RU 
200 0 |a Т. 42, № 3 
210 |d 2015 
461 1 |0 (RuTPU)RU\TPU\prd\1403  |t Водные ресурсы  |o научный журнал  |f Российская академия наук (РАН)  |v Т. 42, № 3  |d 1973- 
801 0 |a RU  |b 63413507  |c 20010227  |g PSBO 
801 1 |a RU  |b 63413507  |c 20150623 
801 2 |a RU  |b 63413507  |c 20230329  |g RCR 
942 |c BK 
999 |a НТБ_ТПУ  |b НФ  |e -1/20150112  |p П-6833  |s 6/20141120  |u 0,00  |v 1